5HLuxD.jpg

KING HENRY VIII SENIOR AND PRIMARY SCHOOL LIBRARY OPAC

MY SISTER THE VAMPIRE (Record no. 4626)

000 -LEADER
fixed length control field 00313nam a22001217a 4500
008 - FIXED-LENGTH DATA ELEMENTS--GENERAL INFORMATION
fixed length control field 250306b ||||| |||| 00| 0 eng d
020 ## - INTERNATIONAL STANDARD BOOK NUMBER
International Standard Book Number 9781405259859
082 ## - DEWEY DECIMAL CLASSIFICATION NUMBER
Classification number FIC MER
100 ## - MAIN ENTRY--PERSONAL NAME
Personal name MERCER,SIENNA
Relator term AUTHOR
245 ## - TITLE STATEMENT
Title MY SISTER THE VAMPIRE
260 ## - PUBLICATION, DISTRIBUTION, ETC.
Place of publication, distribution, etc. 239 KENSINGTON HIGH STREET
Name of publisher, distributor, etc. EGMONT
Date of publication, distribution, etc. 2012
942 ## - ADDED ENTRY ELEMENTS (KOHA)
Source of classification or shelving scheme
Holdings
Withdrawn status Lost status Source of classification or shelving scheme Damaged status Not for loan Collection code Permanent Location Current Location Shelving location Date acquired Full call number Barcode Date last seen Price effective from Koha item type Public note
          Fiction KH8 Primary School Library KH8 Primary School Library Fiction 2025-03-06 FIC MER KHPL000006442 2025-12-05 2025-03-06 Books - Fiction KH8 PRIMARY LIBRARY

Powered By KH8 IT Dept